LEADER 00899nam a2200205 i 4500 001 000000143827 003 CaOOAMICUS 005 20051012000000.0 008 051012s1934 it u000 u mul u 013 $a119185 040 $aSeMil$bita 245 10$aEinsiedeln :$ben l'année de son millénaire, nell'anno del suo millennio 1934. 260 $aEinsiedeln :$bBenziger,$c1934. 300 $a16, 16 p., [16] p. di tav. ;$c24 cm. 650 4$aEinsiedeln - Abbazia territoriale di Einsiedeln.$0(OLS)http://semarc/subject/21864 850 $aSeMil 852 $aSeMil$W1$xVenegono$y1$m660 293 *$j96868$B96868$CSeMilBibl$Z2$F104256 $81 961 $aRecupero: Biblioteca Seminario Saronno 996 $6245$aEinsiedeln :$ben l'année de son millénaire, nell'anno del suo millennio 1934$9(OLS)http://semarc/title/210457 996 $6260$aEinsiedeln :$bBenziger$9(OLS)http://semarc/publisher/40373 LEADER 01147nam a2200277 i 4500 001 000000065769 003 CaOOAMICUS 005 20080103000000.0 008 080103s1972 it u000 u ita u 013 $a36941 040 $aSeMil$bita 100 1 $aAmalfitano, Domenico.$0(OLS)http://semarc/name/33060 245 13$aLa Croce speranza del cristiano /$cDomenico Amalfitano ... [et al.] ; introduzione di Ferdinando Antonelli. 260 $aMilano :$bO.R.,$c1972. 300 $a89 p. ;$c22 cm. 490 0 $aTemi spirituali ;$v4 500 $aFondo Card. Giovanni Colombo. 650 4$aGesù Cristo - Crocifissione.$0(OLS)http://semarc/subject/6027 700 1 $aAntonelli, Ferdinando,$c.$0(OLS)http://semarc/name/15704 830 0$aTemi spirituali ;$v4.$0(OLS)http://semarc/title/7456 850 $aSeMil 852 $aSeMil$W1$xVenegono$y1$m2C V 457$j31922$B31922$CSeMilBibl$Z2$F31925 $81 941 1 $a3 961 $aLascito: Colombo Card. Giovanni 996 $6245$aLa Croce speranza del cristiano$9(OLS)http://semarc/title/104450 996 $6260$aMilano :$bO.R.$9(OLS)http://semarc/publisher/29789